000 00889nam a2200349Ia 4500
001 6746
005 20240113233938.0
007 ta
008 050630s1990 a g b000 u eng u
040 _aCotton College,Assam
041 _aeng
082 _a519.4
_bMu 896 Nu
100 _aMukherjee, Kalyan Kr. .
245 0 _aNumerical Analysis /
_cKalyan Kr. Mukherjee.
_hTextual Documents
250 _a1st ed. /
260 _aCalcutta :
_bNew Central Book Agency ,
_c1990.
300 _a299p. :
_bill. ;
_c24cm .
504 _aIndex
653 _aNumerical Analysis
653 _aNumerical Analysis
653 _aNumerical Analysis
653 _aG-Mathematics
653 _aG-Mathematics
653 _aT/G-Math
942 _2ddc
_cBK
999 _c6733
_d6733